Eurowizja 2019 - Statystyki

Ogólne statystyki
  • Ten quiz został rozwiązany 129 razy
  • Średni wynik to 19 z 41
Statystyki odpowiedzi
Miejsce Państwo Punkty % Poprawnych
1 (GF) Holandia 498
100%
2 (GF) Włochy 472
90%
3 (GF) Rosja 370
75%
5 (GF) Szwecja 334
72%
4 (GF) Szwajcaria 364
69%
25 (GF) Niemcy 24
63%
11 (1SF) Polska 120
60%
6 (GF) Norwegia 331
59%
26 (GF) Wielka Brytania 11
59%
7 (GF) Macedonia Północna 305
57%
10 (GF) Islandia 232
54%
9 (GF) Australia 284
52%
8 (GF) Azerbejdżan 302
52%
24 (GF) Białoruś 31
49%
16 (GF) Francja 105
49%
13 (GF) Cypr 109
48%
22 (GF) Hiszpania 54
48%
23 (GF) Izrael 35
45%
11 (2SF) Litwa 93
45%
12 (GF) Dania 120
44%
11 (GF) Czechy 157
43%
19 (GF) San Marino 77
43%
21 (GF) Grecja 74
41%
20 (GF) Estonia 76
38%
14 (GF) Malta 107
38%
17 (GF) Albania 90
37%
17 (1SF) Finlandia 23
36%
18 (GF) Serbia 89
36%
15 (GF) Słowenia 105
36%
18 (2SF) Irlandia 16
35%
17 (2SF) Austria 21
31%
15 (2SF) Łotwa 50
31%
15 (1SF) Portugalia 51
31%
16 (2SF) Armenia 49
30%
13 (1SF) Belgia 70
30%
16 (1SF) Czarnogóra 46
28%
14 (1SF) Gruzja 62
28%
12 (1SF) Węgry 97
28%
14 (2SF) Chorwacja 64
26%
13 (2SF) Rumunia 71
26%
12 (2SF) Mołdawia 85
23%
Nie znaleziono quizów pasujących do podanych kryteriów
Rozkład punktacji
Procent ludzi z każdym wynikiem
Percentyl według liczby udzielonych odpowiedzi
Twoja historia wyników
Nie rozwiązałeś tego quizu